[Event "XIII American Continental"]
[Site "Montevideo URU"]
[Date "2018.06.08"]
[Round "9"]
[White "Bick, Gabriel"]
[Black "Betaneli, Alexander"]
[Result "1/2-1/2"]
[WhiteElo "2391"]
[BlackElo "2246"]
[EventDate "2018.06.01"]
[PlyCount "79"]

1.e4 d5 2.exd5 Qxd5 3.Nc3 Qd6 4.d4 Nf6 5.Nf3 c6 6.h3 Bf5 7.Ne5 Nbd7 8.Nc4 
Qc7 9.Qf3 Be6 10.Bf4 Qd8 11.Ne3 Nb6 12.O-O-O Nbd5 13.Ncxd5 Nxd5 14.c4 Nxf4
15.Qxf4 Qd6 16.Qf3 Bd7 17.Ng4 Bxg4 18.hxg4 g6 19.c5 Qd5 20.Qxd5 cxd5 21.
Bb5+ Kd8 22.g5 Bg7 23.Rh3 e6 24.Kc2 Ke7 25.Kd3 h6 26.gxh6 Rxh6 27.Rxh6 
Bxh6 28.Ba4 a5 29.Rh1 Bg7 30.a3 Rh8 31.Rxh8 Bxh8 32.b4 axb4 33.axb4 e5 34.
dxe5 Bxe5 35.Bb3 Ke6 36.Ba2 g5 37.g4 Bc7 38.f3 b6 39.cxb6 Bxb6 40.Bb3 
1/2-1/2

[Event "XIII American Continental"]
[Site "Montevideo URU"]
[Date "2018.06.08"]
[Round "9"]
[White "Santarius, Erik"]
[Black "Fernandez, Maria Florencia"]
[Result "0-1"]
[WhiteElo "2387"]
[BlackElo "2203"]
[EventDate "2018.06.01"]
[PlyCount "70"]

1.d4 Nf6 2.c4 g6 3.Nc3 Bg7 4.e4 d6 5.Nge2 O-O 6.Ng3 c5 7.d5 e6 8.Be2 exd5 
9.cxd5 Re8 10.O-O h5 11.Bg5 Nbd7 12.f4 Qb6 13.Rb1 Nh7 14.Bh4 Bf6 15.Bxf6 
Ndxf6 16.Bb5 h4 17.Bxe8 hxg3 18.Bb5 Ng4 19.hxg3 c4+ 20.Kh1 Nhf6 21.f5 Kg7 
22.Ne2 Qxb5 23.Qd4 Qe8 24.Rf4 Bxf5 25.Kg1 Bxe4 26.Rc1 Bd3 27.Rxg4 Qxe2 28.
Rf4 Qe5 29.Qf2 Re8 30.b3 b5 31.Qxa7 g5 32.Rf2 Re7 33.Qa5 Ng4 34.Rf3 Qd4+ 
35.Kh1 Re8 0-1

[Event "XIII American Continental"]
[Site "Montevideo URU"]
[Date "2018.06.08"]
[Round "9"]
[White "Donoso Diaz, Sebastian"]
[Black "Soto Vega, Jorge"]
[Result "1-0"]
[WhiteElo "2184"]
[BlackElo "2357"]
[EventDate "2018.06.01"]
[PlyCount "51"]

1.d4 Nf6 2.c4 c5 3.d5 b5 4.cxb5 a6 5.bxa6 Bxa6 6.Nc3 d6 7.e4 Bxf1 8.Kxf1 
Nbd7 9.g3 g6 10.Nf3 Bg7 11.Kg2 O-O 12.Qe2 Qa5 13.a4 Rfb8 14.Ra3 Ng4 15.Nd2
h5 16.h3 Ngf6 17.Nc4 Qb4 18.a5 Ne8 19.Bg5 Kf8 20.Rha1 Nc7 21.a6 Nb5 22.
Nxb5 Qxb5 23.Ra5 Qb4 24.R1a4 Qb3 25.Ra3 Qb4 26.Bd2 1-0

[Event "XIII American Continental"]
[Site "Montevideo URU"]
[Date "2018.06.08"]
[Round "9"]
[White "Morovic Fernandez, Ivan"]
[Black "Cabrera Pando, Ramiro"]
[Result "1-0"]
[WhiteElo "2513"]
[BlackElo "2196"]
[EventDate "2018.06.01"]
[PlyCount "67"]

1.d4 d5 2.c4 e6 3.Nc3 a6 4.cxd5 exd5 5.Qb3 Nc6 6.Nf3 Bb4 7.a3 Bxc3+ 8.bxc3
Na5 9.Qb4 Nc6 10.Qb3 Na5 11.Qa4+ c6 12.e3 Ne7 13.Be2 O-O 14.O-O Nf5 15.Bd3
Nd6 16.Qc2 g6 17.Nd2 Bf5 18.Bxf5 gxf5 19.a4 Re8 20.Ba3 Ne4 21.Bb4 c5 22.
Bxa5 Qxa5 23.Rfc1 cxd4 24.Nxe4 fxe4 25.cxd4 Re7 26.Qe2 Rc7 27.Qg4+ Kh8 28.
Qf5 Rxc1+ 29.Rxc1 Kg8 30.h4 Qxa4 31.Qxd5 Qb4 32.Qg5+ Kf8 33.Qf6 Kg8 34.Rc5
1-0

[Event "XIII American Continental"]
[Site "Montevideo URU"]
[Date "2018.06.08"]
[Round "9"]
[White "Thavandiran, Shiyam"]
[Black "Coppola, Claudio"]
[Result "1-0"]
[WhiteElo "2417"]
[BlackElo "2228"]
[EventDate "2018.06.01"]
[PlyCount "53"]

1.e4 c5 2.Nf3 d6 3.d4 cxd4 4.Nxd4 Nf6 5.Nc3 g6 6.h3 Bg7 7.g3 Nc6 8.Nde2 
O-O 9.Bg2 Rb8 10.a4 a6 11.O-O b5 12.axb5 axb5 13.Bg5 Nd7 14.Qc1 Nc5 15.Nd5
Re8 16.Rd1 b4 17.Be3 Bd7 18.Nd4 Qc8 19.Nxc6 Bxc6 20.Ra7 Rb7 21.Ra5 Bxd5 
22.Rxd5 Qc7 23.Ra2 Rc8 24.e5 Nb3 25.Qd1 Qxc2 26.Qxc2 Rxc2 27.Ra8+ 1-0

[Event "XIII American Continental"]
[Site "Montevideo URU"]
[Date "2018.06.08"]
[Round "9"]
[White "Gemy Vargas, Jose Daniel"]
[Black "Mesias Rojas, Rabindranath"]
[Result "1-0"]
[WhiteElo "2393"]
[BlackElo "2203"]
[EventDate "2018.06.01"]
[PlyCount "55"]

1.e4 g6 2.d4 Bg7 3.Nf3 c5 4.c3 cxd4 5.cxd4 d5 6.e5 Nc6 7.Bb5 Bg4 8.Bxc6+ 
bxc6 9.Nbd2 Nh6 10.h3 Bxf3 11.Qxf3 Nf5 12.Nb3 Qb6 13.Qc3 O-O 14.g4 Nh6 15.
Nc5 Rfd8 16.Bf4 Kh8 17.Qd2 Ng8 18.h4 h6 19.Rh3 Rdc8 20.g5 h5 21.e6 fxe6 
22.Rb3 Qd8 23.Qe2 Qe8 24.O-O-O Qf7 25.Rf3 Rf8 26.Nxe6 Qf5 27.Rdd3 Qg4 28.
Be5 1-0

[Event "XIII American Continental"]
[Site "Montevideo URU"]
[Date "2018.06.08"]
[Round "9"]
[White "De Dovitiis, Alejo"]
[Black "Januario, Severino Pereira"]
[Result "1-0"]
[WhiteElo "2343"]
[BlackElo "2175"]
[EventDate "2018.06.01"]
[PlyCount "67"]

1.e4 d6 2.d4 Nf6 3.Bd3 g6 4.c4 Bg7 5.Nc3 c5 6.d5 e6 7.Nf3 exd5 8.exd5 O-O 
9.O-O Bg4 10.h3 Bd7 11.Bf4 Qc7 12.Qd2 Re8 13.Rac1 a6 14.a4 b5 15.cxb5 axb5
16.axb5 Bc8 17.Rfe1 Rxe1+ 18.Rxe1 Bb7 19.Bc4 Nbd7 20.b3 Nb6 21.g4 Qd7 22.
Nh2 h5 23.Bg5 hxg4 24.Bxf6 Bxf6 25.Nxg4 Bg7 26.Ne4 Kf8 27.Qf4 Re8 28.Re3 
Re5 29.Nxc5 Qe7 30.Nxe5 dxe5 31.d6 Qe8 32.Qxf7+ Qxf7 33.Bxf7 Bc8 34.Be6 
1-0

[Event "XIII American Continental"]
[Site "Montevideo URU"]
[Date "2018.06.08"]
[Round "9"]
[White "Foisor, Sabina-Francesca"]
[Black "Cervantes Landeiro, Thalia"]
[Result "1/2-1/2"]
[WhiteElo "2301"]
[BlackElo "2087"]
[EventDate "2018.06.01"]
[PlyCount "138"]

1.d4 Nf6 2.c4 g6 3.Nc3 d5 4.Bg5 Ne4 5.Bf4 Nxc3 6.bxc3 Bg7 7.e3 O-O 8.Nf3 
c5 9.cxd5 Qxd5 10.Be2 Nc6 11.O-O cxd4 12.cxd4 Bf5 13.Qa4 Rac8 14.Rfc1 Qa5 
15.Qxa5 Nxa5 16.Nd2 Nc6 17.g4 Be6 18.Bf3 Rfd8 19.Nb3 Bd5 20.Bxd5 Rxd5 21.
Rc4 e5 22.Bxe5 Bxe5 23.dxe5 Rxe5 24.Rd1 Rb8 25.Rd7 Ree8 26.Rc7 h6 27.h3 
Kf8 28.Nc5 Ne5 29.Re4 Nf3+ 30.Kg2 Rxe4 31.Nxe4 Ne5 32.f4 Nc6 33.Nc5 Rd8 
34.Nxb7 Rd2+ 35.Kf3 Nb4 36.Nc5 Rxa2 37.Nd7+ Ke8 38.Ne5 a5 39.Nxf7 a4 40.
Nd6+ Kf8 41.f5 gxf5 42.gxf5 Ra1 43.Ke4 Rd1 44.Ke5 Rc1 45.Rxc1 Nd3+ 46.Kf6 
Nxc1 47.Nc4 Ne2 48.e4 Nc3 49.e5 Nb5 50.Kg6 a3 51.Nxa3 Nxa3 52.Kxh6 Kf7 53.
e6+ Kf6 54.e7 Kxe7 55.Kg7 Nb5 56.f6+ Kd7 57.f7 Nd4 58.h4 Ne6+ 59.Kf6 Nf8 
60.h5 Kd6 61.h6 Kd7 62.Kg7 Ke7 63.Kg8 Nh7 64.Kg7 Nf8 65.Kg8 Nh7 66.Kxh7 
Kxf7 67.Kh8 Kf8 68.Kh7 Kf7 69.Kh8 Kf6 1/2-1/2

[Event "XIII American Continental"]
[Site "Montevideo URU"]
[Date "2018.06.08"]
[Round "9"]
[White "Grabinsky, Aaron"]
[Black "Balzano, Ivan"]
[Result "1-0"]
[WhiteElo "2296"]
[BlackElo "2142"]
[EventDate "2018.06.01"]
[PlyCount "67"]

1.e4 c5 2.Nc3 Nc6 3.Bb5 Nd4 4.Nf3 a6 5.Bd3 Nc6 6.Be2 e5 7.d3 Be7 8.Nd5 d6 
9.c3 Nf6 10.Nxe7 Nxe7 11.Bg5 Ng6 12.Nh4 Nf4 13.Bxf4 exf4 14.Nf3 O-O 15.Qd2
Qb6 16.O-O-O c4 17.Nd4 cxd3 18.Bxd3 Be6 19.Bb1 Rac8 20.Qxf4 Rfd8 21.f3 d5 
22.e5 Nd7 23.Qh4 Nf8 24.f4 Rc4 25.f5 Bd7 26.f6 Re8 27.Rde1 Ng6 28.Bxg6 
hxg6 29.Rhf1 Qd8 30.e6 Bxe6 31.Rxe6 Rxe6 32.Nxe6 Qa5 33.Nd4 Qxa2 34.fxg7 
1-0

[Event "XIII American Continental"]
[Site "Montevideo URU"]
[Date "2018.06.08"]
[Round "9"]
[White "Larrea, Manuel"]
[Black "Torella, Rodolfo"]
[Result "1-0"]
[WhiteElo "2268"]
[BlackElo "2016"]
[EventDate "2018.06.01"]
[PlyCount "59"]

1.e4 d5 2.exd5 Qxd5 3.Nc3 Qa5 4.d4 Nf6 5.Bc4 c6 6.Bd2 Bf5 7.Nd5 Qd8 8.Ne3 
Bg6 9.Nf3 e6 10.Qe2 Be7 11.h4 Nbd7 12.g4 h5 13.g5 Nd5 14.Nxd5 cxd5 15.Bb5 
Bd6 16.Ne5 Bxe5 17.Qxe5 O-O 18.Qd6 Nb6 19.Bb4 Qxd6 20.Bxd6 Rfc8 21.c3 Nc4 
22.Bxc4 Rxc4 23.Kd2 Rc6 24.Be5 Rac8 25.Rhc1 Kf8 26.a4 Kg8 27.Ra3 f6 28.
gxf6 gxf6 29.Bf4 Re8 30.Re1 1-0

[Event "XIII American Continental"]
[Site "Montevideo URU"]
[Date "2018.06.08"]
[Round "9"]
[White "Madeira, Wagner Martins"]
[Black "Pacheco, Daniel"]
[Result "1-0"]
[WhiteElo "2171"]
[BlackElo "2256"]
[EventDate "2018.06.01"]
[PlyCount "73"]

1.e4 e6 2.d4 d5 3.Nc3 Nc6 4.Bb5 Ne7 5.Nf3 a6 6.Be2 g6 7.O-O Bg7 8.Be3 dxe4
9.Nxe4 Nf5 10.c3 Nxe3 11.fxe3 O-O 12.Qd2 Bh6 13.Nf2 f5 14.Nd3 b6 15.Nfe5 
Nxe5 16.Nxe5 Bb7 17.Bf3 Bxf3 18.Nxf3 Qd5 19.Qe2 Rfe8 20.Rfe1 Qe4 21.Nd2 
Qc6 22.Nf3 Bg7 23.e4 Rad8 24.exf5 exf5 25.Qxa6 Re4 26.Nd2 Ree8 27.Qf1 Rxe1
28.Qxe1 Re8 29.Qf1 Qe6 30.Nf3 Bh6 31.Qb5 Qe2 32.Qd5+ Kf8 33.Ne5 Be3+ 34.
Kh1 Kg7 35.Qf7+ Kh6 36.Qxe8 Qxb2 37.Re1 1-0

[Event "XIII American Continental"]
[Site "Montevideo URU"]
[Date "2018.06.08"]
[Round "9"]
[White "Vergara Jofre, Felipe"]
[Black "Saralegui, Mario"]
[Result "1/2-1/2"]
[WhiteElo "2245"]
[BlackElo "2069"]
[EventDate "2018.06.01"]
[PlyCount "108"]

1.e4 e5 2.Nf3 Nc6 3.Bc4 Nf6 4.Ng5 d5 5.exd5 Na5 6.Bb5+ c6 7.dxc6 bxc6 8.
Bd3 Ng4 9.h4 Bc5 10.Ne4 Bb6 11.Nbc3 f5 12.Be2 h5 13.Bxg4 hxg4 14.Ng3 f4 
15.Nf1 g3 16.fxg3 fxg3 17.Nxg3 Rxh4 18.Rxh4 Qxh4 19.Qh5+ Qxh5 20.Nxh5 Kf7 
21.d3 Bg4 22.Ng3 Kg6 23.Bd2 Rf8 24.Nce4 Nb7 25.Bc3 Bc7 26.Kd2 Nd8 27.Nf1 
Bc8 28.Ne3 Ne6 29.Nc4 Nd4 30.Bb4 Rh8 31.Bd6 Rh2 32.Nxe5+ Kh7 33.Bxc7 Rxg2+
34.Ke3 Nxc2+ 35.Kf3 Rh2 36.Nxc6 Rh3+ 37.Kg2 Nxa1 38.Ng5+ Kh6 39.Nxh3 Bb7 
40.Bf4+ Kh5 41.Be3 Bxc6+ 42.Kg3 a6 43.Nf4+ Kg5 44.Ne6+ Kf6 45.Nd4 Bd5 46.
b3 Ke5 47.Kg4 a5 48.Kg5 a4 49.bxa4 Bxa2 50.Kg6 Bb1 51.Nf3+ Kd5 52.Ne1 Nc2 
53.Nxc2 Bxc2 54.Kxg7 Bxd3 1/2-1/2

[Event "XIII American Continental"]
[Site "Montevideo URU"]
[Date "2018.06.08"]
[Round "9"]
[White "Curi Milia, Gabriel"]
[Black "Carbone, Diego"]
[Result "0-1"]
[WhiteElo "2141"]
[BlackElo "2242"]
[EventDate "2018.06.01"]
[PlyCount "200"]

1.d4 Nf6 2.c4 g6 3.f3 d5 4.cxd5 Nxd5 5.e4 Nb6 6.Nc3 Bg7 7.Be3 O-O 8.f4 f5 
9.Qb3+ e6 10.e5 Nc6 11.Nf3 Ne7 12.Rc1 h6 13.Kf2 Bd7 14.h4 Ned5 15.Bd2 Rc8 
16.Be2 Qe7 17.Kg3 Bc6 18.a3 Rf7 19.Na2 Ba4 20.Qd3 a6 21.Ba5 Qd8 22.Nc3 Bc6
23.Nxd5 Bxd5 24.Qe3 Bf8 25.Rhd1 Rd7 26.Bxb6 cxb6 27.Rxc8 Qxc8 28.Rc1 Rc7 
29.Rxc7 Qxc7 30.Qd2 Qc6 31.Kf2 Be7 32.g3 b5 33.Ne1 Bd8 34.Bf3 Bb6 35.Bxd5 
Qxd5 36.Nf3 Qe4 37.Qc3 Kf7 38.Qd2 a5 39.Qc3 Ke7 40.Qd2 Kd8 41.Qc3 Kd7 42.
Qd2 Kc7 43.Qc3+ Kb8 44.Qd2 Ka7 45.Qc3 Ka6 46.Qd2 a4 47.Qc3 Qb1 48.Nd2 Qd1 
49.Nf3 Ka7 50.Qb4 Qc2+ 51.Ke3 Qe4+ 52.Kf2 Qd3 53.Qc3 Qxc3 54.bxc3 Bd8 55.
Ne1 Ba5 56.d5 exd5 57.e6 Bd8 58.h5 gxh5 59.Ke3 Bb6+ 60.Kd2 Bc5 61.Nd3 Bd6 
62.Nb4 Kb8 63.Kd3 Kc8 64.Kd4 h4 65.gxh4 Bxf4 66.h5 Kd8 67.Kxd5 Ke7 68.Nc2 
Bc1 69.Nd4 Bxa3 70.Nxf5+ Kf6 71.Nd6 Bc1 72.Nxb5 a3 73.Nd4 a2 74.Nb3 Ke7 
75.c4 Bb2 76.c5 a1=Q 77.Nxa1 Bxa1 78.c6 bxc6+ 79.Kxc6 Kxe6 80.Kc5 Ke5 81.
Kc4 Ke4 82.Kc5 Bd4+ 83.Kd6 Be5+ 84.Kc5 Kf5 85.Kd5 Kf4 86.Kc4 Ke4 87.Kc5 
Bd4+ 88.Kd6 Be3 89.Ke6 Bf4 90.Kf6 Bg5+ 91.Ke6 Bd8 92.Kd6 Bb6 93.Ke6 Bc5 
94.Kf6 Kf4 95.Ke6 Kg5 96.Ke5 Kxh5 97.Kf4 Kh4 98.Kf5 Kg3 99.Kg6 Be3 100.Kh5
Kh3 0-1

[Event "XIII American Continental"]
[Site "Montevideo URU"]
[Date "2018.06.08"]
[Round "9"]
[White "Andrade, Roberto Luiz Costa"]
[Black "Fernandez Cardoso, Alexey"]
[Result "0-1"]
[WhiteElo "2060"]
[BlackElo "2429"]
[EventDate "2018.06.01"]
[PlyCount "72"]

1.e4 c5 2.Nf3 e6 3.d4 cxd4 4.Nxd4 a6 5.Nc3 b5 6.Bd3 Qb6 7.Nb3 Qc7 8.O-O 
Bb7 9.Qe2 d6 10.Bg5 h6 11.Bh4 b4 12.Nd1 Nc6 13.c3 Nf6 14.Rc1 Qb6 15.Bxf6 
gxf6 16.Ne3 h5 17.Kh1 Ne5 18.Nc4 Nxc4 19.Bxc4 h4 20.h3 Rg8 21.cxb4 Qxb4 
22.Bxe6 fxe6 23.Qh5+ Kd7 24.Qf7+ Be7 25.Nc5+ dxc5 26.Rfd1+ Bd5 27.exd5 Qe4
28.f3 Qg6 29.Qxe6+ Kd8 30.Qb6+ Ke8 31.Rd2 Qg5 32.f4 Qxf4 33.Qc6+ Kf7 34.
Qe6+ Kg6 35.Rdc2 Bd6 36.g3 hxg3 0-1

[Event "XIII American Continental"]
[Site "Montevideo URU"]
[Date "2018.06.08"]
[Round "9"]
[White "Arias Bouzada, Jorge"]
[Black "Pierrot, Facundo"]
[Result "0-1"]
[WhiteElo "2097"]
[BlackElo "2392"]
[EventDate "2018.06.01"]
[PlyCount "120"]

1.c4 e5 2.Nc3 Nf6 3.g3 d5 4.cxd5 Nxd5 5.Bg2 Nb6 6.Nf3 Nc6 7.O-O Be7 8.d3 
O-O 9.Be3 Be6 10.Ne4 Bd5 11.Nc3 Be6 12.Ne4 Qd7 13.Nc5 Bxc5 14.Bxc5 Rfd8 
15.b4 f6 16.b5 Ne7 17.a4 Ng6 18.Qb1 Bh3 19.Rc1 Bxg2 20.Kxg2 Nd5 21.Rc4 a6 
22.bxa6 b6 23.Ba3 Rxa6 24.Qb5 Qxb5 25.axb5 Ra5 26.e4 Ndf4+ 27.gxf4 Nxf4+ 
28.Kg3 Rxd3 29.Bb2 Rxa1 30.Bxa1 Ra3 31.Bb2 Rb3 32.Bc1 Ne6 33.Be3 Rxb5 34.
h4 h5 35.Nd2 Kf7 36.Kf3 Ra5 37.Rb4 Ra1 38.Nb1 g6 39.Ke2 f5 40.exf5 gxf5 
41.f3 Ra2+ 42.Nd2 Kf6 43.Kd3 Ra3+ 44.Ke2 Ra2 45.Kd3 Ra8 46.Rb5 Rd8+ 47.Ke2
Nd4+ 48.Bxd4 Rxd4 49.Rb1 Rxh4 50.Rc1 c5 51.Nc4 Rh2+ 52.Kd3 b5 53.Nd6 c4+ 
54.Kc3 Rf2 55.Nxb5 Rxf3+ 56.Kxc4 h4 57.Nc3 e4 58.Nd5+ Ke5 59.Ra1 Rd3 60.
Ra5 Rd4+ 0-1

[Event "XIII American Continental"]
[Site "Montevideo URU"]
[Date "2018.06.08"]
[Round "9"]
[White "Rothebarth, Ana Vitoria de Paula"]
[Black "Aranha Filho, Alvaro Zimmermann"]
[Result "0-1"]
[WhiteElo "2090"]
[BlackElo "2304"]
[EventDate "2018.06.01"]
[PlyCount "118"]

1.e4 c6 2.d4 d5 3.exd5 cxd5 4.Bd3 Nc6 5.c3 Nf6 6.Nf3 Bg4 7.Qb3 Qc7 8.Nbd2 
e6 9.O-O Bd6 10.h3 Bh5 11.c4 dxc4 12.Qxc4 Bg6 13.Bxg6 hxg6 14.Ne5 Bxe5 15.
dxe5 Qxe5 16.Nf3 Qd5 17.Qa4 O-O 18.Rd1 Qe4 19.Qb5 Qb4 20.a4 a6 21.Qg5 Rfd8
22.Bd2 Qb3 23.Re1 Nd4 24.Nxd4 Rxd4 25.Bc3 Qd5 26.Re5 Rd1+ 27.Rxd1 Qxd1+ 
28.Re1 Qxa4 29.Bxf6 gxf6 30.Qxf6 Qd7 31.Re4 Qd8 32.Qe5 Qd5 33.Qxd5 exd5 
34.Re7 b5 35.Rd7 Re8 36.Rd6 Re1+ 37.Kh2 Re2 38.Rxa6 Rxf2 39.b4 Rf4 40.Rd6 
Rd4 41.Rc6 Rxb4 42.Rc5 d4 43.Kg3 Kg7 44.Kf4 d3+ 45.Ke3 Rb2 46.g4 Rh2 47.
Kxd3 Rxh3+ 48.Ke4 b4 49.Rb5 b3 50.g5 Kf8 51.Rb7 Rg3 52.Kf4 Rc3 53.Kg4 Ke8 
54.Kf4 Kd8 55.Rxf7 Kc8 56.Rf6 Kb7 57.Rf7+ Rc7 58.Rxc7+ Kxc7 59.Ke4 b2 0-1

[Event "XIII American Continental"]
[Site "Montevideo URU"]
[Date "2018.06.08"]
[Round "9"]
[White "Muniz, Rafael"]
[Black "Restuccia, Francisco"]
[Result "1-0"]
[WhiteElo "2290"]
[BlackElo "2094"]
[EventDate "2018.06.01"]
[PlyCount "145"]

1.e4 c6 2.d4 d5 3.e5 Bf5 4.Nf3 e6 5.Be2 Nd7 6.O-O h6 7.Nbd2 Ne7 8.Nb3 Qc7 
9.a4 a6 10.a5 g5 11.Bd2 c5 12.c4 dxc4 13.Bxc4 Nc6 14.Rc1 O-O-O 15.Qe2 Kb8 
16.Rfd1 Be7 17.Bc3 g4 18.Ne1 Bg5 19.Ra1 h5 20.dxc5 Ndxe5 21.Nd4 Rhe8 22.
Nxc6+ Nxc6 23.b4 e5 24.Rxd8+ Rxd8 25.b5 Nd4 26.Qb2 axb5 27.Bd3 Qxc5 28.Bb4
Qd5 29.Bxf5 Nxf5 30.a6 b6 31.Bc3 Nd4 32.Bxd4 Qxd4 33.Qxb5 Qc5 34.Qe2 f6 
35.Qe4 Qd5 36.Qh7 Qd7 37.Qxh5 Ka7 38.Qg6 Qd4 39.Qb1 e4 40.Nc2 Qc5 41.Na3 
f5 42.Qb3 Be7 43.Nb5+ Ka8 44.a7 Bf6 45.Rb1 Rd2 46.Rf1 Bd8 47.Qg3 Qc8 48.
Qe5 Rd3 49.g3 Bg5 50.Nd6 Qd7 51.Nxf5 Kxa7 52.Ra1+ Kb7 53.Qxe4+ Qd5 54.Qxg4
Bf6 55.Rb1 Bc3 56.Ne3 Qc6 57.Qf5 Rd2 58.Qf7+ Rd7 59.Qb3 Bd4 60.Nc4 Kc7 61.
Na5 Qf6 62.Qc2+ Bc5 63.Nb3 Rd5 64.Nxc5 Rxc5 65.Qe2 Re5 66.Rc1+ Kb7 67.Qc4 
Rc5 68.Qe4+ Ka7 69.Rd1 Rc7 70.h4 Rf7 71.Qe3 Ka6 72.Rb1 b5 73.Qc5 1-0

[Event "XIII American Continental"]
[Site "Montevideo URU"]
[Date "2018.06.08"]
[Round "9"]
[White "Kimelman Bercovici, Gabriel"]
[Black "Sauvageot Ledezma, Diego"]
[Result "1-0"]
[WhiteElo "2279"]
[BlackElo "2084"]
[EventDate "2018.06.01"]
[PlyCount "117"]

1.e4 c5 2.Nc3 Nc6 3.g3 g6 4.Bg2 Bg7 5.d3 d6 6.f4 e6 7.Nf3 Nge7 8.O-O Rb8 
9.Be3 Nd4 10.e5 Nef5 11.Bf2 dxe5 12.Nxe5 O-O 13.Ne4 f6 14.Nc4 b6 15.c3 Nb5
16.Qb3 Nc7 17.Nxc5 Nd5 18.Rfe1 Re8 19.Re2 Bf8 20.Ne4 Bb7 21.Rae1 Ng7 22.a4
Bc6 23.Qa2 h6 24.Ned2 Qd7 25.Nf3 Qb7 26.Nd4 Nxc3 27.Bxc6 Nxa2 28.Bxb7 Rxb7
29.Nxe6 Nc1 30.Rxc1 Rxe6 31.Rxe6 Nxe6 32.Nd2 Rd7 33.Ne4 Kf7 34.Rd1 f5 35.
Nc3 Bg7 36.Kf1 Nd4 37.Bxd4 Rxd4 38.Rd2 g5 39.fxg5 hxg5 40.Ke2 Rb4 41.Nd1 
Rxa4 42.Rc2 Be5 43.Ne3 f4 44.Nc4 Bb8 45.g4 Ra1 46.Nd2 Bd6 47.Nf3 Be7 48.d4
b5 49.Kd3 Rf1 50.Ke4 a5 51.Ne5+ Kg7 52.Rc7 Kf6 53.Rc6+ Kg7 54.Kf5 Rd1 55.
Rc7 Rxd4 56.Rxe7+ Kf8 57.Ng6+ Kg8 58.Kxg5 f3 59.Kh6 1-0

[Event "XIII American Continental"]
[Site "Montevideo URU"]
[Date "2018.06.08"]
[Round "9"]
[White "Izquierdo, Daniel"]
[Black "Teixeira, Ricardo da Silva"]
[Result "1/2-1/2"]
[WhiteElo "2078"]
[BlackElo "2235"]
[EventDate "2018.06.01"]
[PlyCount "107"]

1.d4 e6 2.c4 f5 3.Nc3 Nf6 4.g3 Be7 5.Bg2 O-O 6.Nh3 d6 7.O-O c6 8.e4 e5 9.
Re1 Na6 10.dxe5 dxe5 11.Qxd8 Bxd8 12.f3 Nb4 13.Re2 Bb6+ 14.Kh1 fxe4 15.
Nxe4 Nxe4 16.Rxe4 Bf5 17.Rxe5 Nd3 18.Re2 Rae8 19.Rxe8 Rxe8 20.Bf4 Re2 21.
g4 Bg6 22.Bg3 Rxb2 23.Nf4 Nxf4 24.Bxf4 Rb1+ 25.Rxb1 Bxb1 26.a3 Bc5 27.Bc1 
Bd3 28.f4 Bxc4 29.Be4 Bd5 30.Bxd5+ cxd5 31.Kg2 b5 32.Kf3 a5 33.Ke2 b4 34.
axb4 Bxb4 35.Kd3 Bc5 36.f5 Kf7 37.h4 Bf2 38.h5 h6 39.g5 hxg5 40.Bxg5 Bc5 
41.Kc2 a4 42.Bh4 a3 43.Kb3 d4 44.Bd8 d3 45.Ba5 Be3 46.Bc3 Bc1 47.Bb4 Bb2 
48.Bxa3 Bxa3 49.h6 gxh6 50.Kc3 Kf6 51.Kxd3 Kxf5 52.Ke3 Kg4 53.Kf2 h5 54.
Kg2 1/2-1/2

[Event "XIII American Continental"]
[Site "Montevideo URU"]
[Date "2018.06.08"]
[Round "9"]
[White "Borges, Guilherme Deola"]
[Black "Mariani, Daniel Brandao"]
[Result "0-1"]
[WhiteElo "2219"]
[BlackElo "2055"]
[EventDate "2018.06.01"]
[PlyCount "34"]

1.Nf3 Nf6 2.d4 g6 3.c4 Bg7 4.Nc3 d5 5.Bg5 Ne4 6.cxd5 Nxg5 7.Nxg5 e6 8.Qd2 
h6 9.Nh3 exd5 10.Nf4 O-O 11.e3 c5 12.Be2 cxd4 13.exd4 Nc6 14.Nfxd5 Nxd4 
15.O-O Be6 16.Bf3 Nxf3+ 17.gxf3 Bxc3 0-1

[Event "XIII American Continental"]
[Site "Montevideo URU"]
[Date "2018.06.08"]
[Round "9"]
[White "Cerda Albornoz, Guillermo"]
[Black "Vazquez, Facundo"]
[Result "1-0"]
[WhiteElo "2195"]
[BlackElo "1969"]
[EventDate "2018.06.01"]
[PlyCount "81"]

1.e4 e6 2.Nf3 d5 3.Nc3 Nf6 4.e5 Nfd7 5.d4 Be7 6.h4 c5 7.dxc5 Nc6 8.Bf4 
Nxc5 9.Qd2 Bd7 10.a3 a5 11.Bb5 Na7 12.Bd3 b5 13.h5 h6 14.O-O Rb8 15.Ne2 
Nc8 16.Ned4 Nb6 17.Nxb5 Nxd3 18.Qxd3 Nc4 19.Nd6+ Nxd6 20.exd6 Bf6 21.Rfe1 
O-O 22.Ne5 Bxe5 23.Bxe5 Qg5 24.Bc3 Qxh5 25.Bxa5 d4 26.Bb4 Rb5 27.Qxd4 Rg5 
28.Re3 e5 29.Qd5 Be6 30.Qb7 Rd8 31.Rae1 Rd7 32.Qa8+ Kh7 33.Rg3 Rf5 34.Qe4 
Kg8 35.Qg4 Qxg4 36.Rxg4 Rxf2 37.Rxg7+ Kxg7 38.Kxf2 f6 39.b3 Bd5 40.c4 Bc6 
41.Bc5 1-0

[Event "XIII American Continental"]
[Site "Montevideo URU"]
[Date "2018.06.08"]
[Round "9"]
[White "Okamura, Milton Kasuo"]
[Black "Carvalho, Guillermo"]
[Result "1/2-1/2"]
[WhiteElo "2050"]
[BlackElo "2195"]
[EventDate "2018.06.01"]
[PlyCount "103"]

1.d4 Nf6 2.c4 e6 3.Nc3 Bb4 4.e3 b6 5.Ne2 Ba6 6.a3 Be7 7.Ng3 d5 8.cxd5 Bxf1
9.Kxf1 exd5 10.Nf5 O-O 11.f3 Re8 12.Nxe7+ Rxe7 13.Kf2 Qd6 14.Bd2 c5 15.Ne2
Nc6 16.dxc5 bxc5 17.Ng3 Rb7 18.Qc2 d4 19.Rab1 Rab8 20.Rhc1 Ne5 21.Kg1 Nfd7
22.Nf5 Qb6 23.Qe4 g6 24.Ne7+ Kg7 25.exd4 cxd4 26.Nd5 Qd6 27.Bb4 Rxb4 28.
Nxb4 d3 29.Rd1 Qc5+ 30.Kh1 Nf6 31.Qf4 Rd8 32.Rbc1 Qb5 33.a4 Qa5 34.Nc6 
Nxc6 35.Rxc6 Nh5 36.Qc4 Qf5 37.Qc3+ Kg8 38.Rc5 Qe6 39.Re5 Qd7 40.b3 Rc8 
41.Rc5 Rd8 42.Qc4 h6 43.g3 d2 44.Qc3 Nxg3+ 45.hxg3 Qh3+ 46.Kg1 Qxg3+ 47.
Kh1 Re8 48.Qxd2 Qxf3+ 49.Kg1 Qg4+ 50.Kf2 Qh4+ 51.Kg2 Qg4+ 52.Kf2 1/2-1/2

[Event "XIII American Continental"]
[Site "Montevideo URU"]
[Date "2018.06.08"]
[Round "9"]
[White "Manzi, Luiz Antonio Bardaro"]
[Black "Carvalho, Herbert Abreu"]
[Result "1/2-1/2"]
[WhiteElo "2030"]
[BlackElo "2149"]
[EventDate "2018.06.01"]
[PlyCount "142"]

1.Nf3 Nf6 2.g3 c5 3.c4 e6 4.Nc3 b6 5.Bg2 Bb7 6.O-O Be7 7.d3 d5 8.cxd5 exd5
9.d4 O-O 10.Bg5 Nbd7 11.Rc1 Ne4 12.Bxe7 Qxe7 13.e3 Rac8 14.Qa4 a6 15.Rfe1 
Rfd8 16.Qb3 c4 17.Qc2 b5 18.a3 Bc6 19.Nd2 Ndf6 20.Ncxe4 dxe4 21.b3 cxb3 
22.Qxb3 Bd5 23.Qb4 Qb7 24.Bh3 Rc6 25.Rc5 h5 26.Rec1 Rdd6 27.Nb3 Bxb3 28.
Qxb3 Rxc5 29.Rxc5 Rc6 30.Qc2 Rxc5 31.Qxc5 a5 32.Bf1 b4 33.axb4 axb4 34.Bb5
b3 35.Qb4 Qc8 36.Qxb3 Qc1+ 37.Bf1 Qd2 38.Qb8+ Kh7 39.h3 g6 40.Qf8 Qa2 41.
Kg2 Qe6 42.Qc5 h4 43.Bc4 Qd7 44.Qg5 Kg7 45.Qxh4 Qa4 46.Bf1 Qc2 47.Qf4 Qc6 
48.Qe5 Kh7 49.Bb5 Qb6 50.Qc5 Qe6 51.Bc4 Qd7 52.Qe5 Kg7 53.g4 Qe8 54.Qxe8 
Nxe8 55.Kg3 g5 56.f3 Nd6 57.Bd5 exf3 58.Bxf3 Kf6 59.e4 Nb5 60.d5 Ke5 61.h4
gxh4+ 62.Kxh4 Kf4 63.Bg2 f6 64.Kh5 Nd6 65.Kg6 Ke5 66.Bf3 Nc4 67.Kf7 Nd6+ 
68.Kg6 Nc4 69.g5 fxg5 70.Kxg5 Nd6 71.Kg6 Nc4 1/2-1/2

[Event "XIII American Continental"]
[Site "Montevideo URU"]
[Date "2018.06.08"]
[Round "9"]
[White "Izquierdo, Sebastian"]
[Black "Markzon, Gregory"]
[Result "0-1"]
[WhiteElo "1992"]
[BlackElo "2144"]
[EventDate "2018.06.01"]
[PlyCount "98"]

1.d4 Nf6 2.Nf3 e6 3.g3 c5 4.c4 cxd4 5.Nxd4 Nc6 6.Bg2 Qb6 7.Nb3 a5 8.O-O a4
9.N3d2 Bc5 10.e3 O-O 11.Nc3 a3 12.b3 Be7 13.Rb1 d5 14.Qe2 Qa5 15.Nb5 Bd7 
16.Nf3 e5 17.Bd2 Qb6 18.Bc3 e4 19.Ne1 Bg4 20.Qc2 Rac8 21.h3 Bh5 22.g4 Bg6 
23.Qc1 dxc4 24.Nxa3 cxb3 25.Rxb3 Qc5 26.Qb2 h5 27.Nec2 hxg4 28.Rb5 Qd6 29.
Be5 Nxe5 30.Rxe5 Rc5 31.Rxc5 Qxc5 32.Nb5 gxh3 33.Bxh3 Qg5+ 34.Kh2 Qh4 35.
Ncd4 Ng4+ 36.Kg2 Bf6 37.Qe2 Ne5 38.Kh2 Bh5 39.f3 exf3 40.Nxf3 Nxf3+ 41.
Rxf3 Bxf3 42.Qxf3 Qg5 43.Nd4 Bxd4 44.exd4 Qd2+ 45.Bg2 Qxd4 46.Qxb7 Qf4+ 
47.Kg1 Re8 48.Qf3 Re1+ 49.Kf2 Qd2+ 0-1

[Event "XIII American Continental"]
[Site "Montevideo URU"]
[Date "2018.06.08"]
[Round "9"]
[White "Miraballes Lopez, Andres"]
[Black "Lopez Falcon, Jorge"]
[Result "0-1"]
[WhiteElo "1665"]
[BlackElo "2120"]
[EventDate "2018.06.01"]
[PlyCount "60"]

1.e4 c5 2.Nf3 e6 3.d4 cxd4 4.Nxd4 a6 5.Be2 Nf6 6.Nc3 Bb4 7.Bg5 Bxc3+ 8.
bxc3 Qa5 9.Bxf6 Qxc3+ 10.Kf1 gxf6 11.Nb3 Nc6 12.Bd3 d6 13.Qg4 Bd7 14.Rb1 
Ke7 15.g3 Ne5 16.Qe2 Rac8 17.Kg2 Rc7 18.Rhc1 Rhc8 19.a3 Ba4 20.f4 Nc4 21.
Qh5 Bxb3 22.Rxb3 Qd2+ 23.Qe2 Qxc1 24.Bxc4 Rxc4 25.Rxb7+ Kf8 26.Qh5 Rxc2+ 
27.Kh3 Rxh2+ 28.Kxh2 Rc2+ 29.Kh3 Qh1+ 30.Kg4 Qd1+ 0-1